IMPORTANCIA DE LOS TEXTOS INTEGRADOS CON CONVERGENCIA DE MEDIOS EN EL PRIMER CICLO DE BASICA EN LOS CENTROS EDUCATIVOS ESTANILA FLORIAN Y PROF JUAN BOSCH DEL DISTRITO EDUCATIVO 18 01 DE LA PROVINCIA BAHORUCO AÑO ESCOLAR 2010 2011 (Record no. 412)

MARC details
000 -LEADER
campo de control de longitud fija 00979nam a22002057a 4500
001 - NÚMERO DE CONTROL
campo de control 1531
005 - FECHA Y HORA DE LA ÚLTIMA TRANSACCIÓN
campo de control 20250522045537.0
008 - DATOS DE LONGITUD FIJA--INFORMACIÓN GENERAL
campo de control de longitud fija 5230202011 dr a
090 ## - LOCALMENTE ASIGNADO TIPO-LC NÚMERO DE CLASIFICACIÓN (OCLC); NÚMERO DE CLASIFICACIÓN LOCAL (RLIN)
Número de clasificación (OCLC) (R) ; Numero de clasificación, CALL (RLIN) (NR) EDU 2011-024
100 ## - ENTRADA PRINCIPAL--NOMBRE DE PERSONA
Nombre de persona CUEVAS M., JUANA ROSARIO
245 ## - MENCIÓN DEL TÍTULO
Título IMPORTANCIA DE LOS TEXTOS INTEGRADOS CON CONVERGENCIA DE MEDIOS EN EL PRIMER CICLO DE BASICA EN LOS CENTROS EDUCATIVOS ESTANILA FLORIAN Y PROF JUAN BOSCH DEL DISTRITO EDUCATIVO 18 01 DE LA PROVINCIA BAHORUCO AÑO ESCOLAR 2010 2011
Mención de responsabilidad, etc. Juana Rosario Cuevas M., Arileida Amador Enc. , Ceilys Eliodys Peña S., Neyda Féliz Mateo
260 ## - PUBLICACIÓN, DISTRIBUCIÓN, ETC.
Lugar de publicación, distribución, etc. Barahona :
Nombre del editor, distribuidor, etc. UNIVERSIDAD CATOLICA TECNOLOGICA DE BARAHONA
300 ## - DESCRIPCIÓN FÍSICA
Extensión xii, 136, [15]h :
Otros detalles físicos il.
502 ## - NOTA DE TESIS
Nota de tesis Tesis
504 ## - NOTA DE BIBLIOGRAFÍA, ETC.
Nota de bibliografía, etc. Nota Incluye Bibliograía
650 ## - PUNTO DE ACCESO ADICIONAL DE MATERIA--TÉRMINO DE MATERIA
Fuente del encabezamiento o término 1.TEXTOS INTEGRADOS CON CONVERGENCIA DE MEDIOS EN EL PRIMER CICLO DE BASICA IMPORTANCIA
700 ## - ENTRADA AGREGADA--NOMBRE PERSONAL
Nombre de persona I.AMADOR ENC., ARILEIDA, COAUT
700 ## - ENTRADA AGREGADA--NOMBRE PERSONAL
Nombre de persona II.PEÑA S., CEILIS ELIODYS, COAUT
700 ## - ENTRADA AGREGADA--NOMBRE PERSONAL
Nombre de persona III.FELIZ MATEO, NEYDA, COAUT
Holdings
Estatus retirado Estado de pérdida Estado de daño No para préstamo Colección Biblioteca de origen Biblioteca actual Fecha de adquisición Total de préstamos Signatura topográfica completa Código de barras Visto por última vez Copia número Precio de reemplazo Tipo de ítem Koha
        Acervo general de Libros Biblioteca Central Mons. Favio M. Rivas S. Biblioteca Central Mons. Favio M. Rivas S. 20/03/2013   EDU 2011-024 000000000481 23/05/2025 1 23/05/2025 Tesis
        Acervo general de Libros Biblioteca Central Mons. Favio M. Rivas S. Biblioteca Central Mons. Favio M. Rivas S. 15/10/2015   EDU 2011-024 000000004059 23/05/2025 2 23/05/2025 Tesis